000 00373nam a2200145Ia 4500
008 221007s9999 xx 000 0 und d
041 _aeng
082 _bGUR
100 _aGurnani Sonia (2k81050)
_9101896
245 2 _aA Strategic Vision for Associate Engagement
260 _c2010
_bPune University
_aPune
300 _a94p
520 _aSingh Arpita
906 _bGeneral
999 _c69051
_d69051